000 00616nam a2200229Ia 4500
003 OSt
005 20220916111031.0
006 a|||||r|||| 00| 0
007 ta
008 220915b |||||||| |||| 00| 0 eng d
024 _a124010
037 _cTextbook
040 _beng
_aARTS
_cARTS
041 _aeng
082 _aV641:28:N5, 122J0 (906)
110 _aCongo Fonds Du Bien etra Indigene
245 0 _aRapport de gestion et comptes de l'excricse de 1950
260 _aNA
_bNA
650 _aHISTORY
942 _hV641:28:N5, 122J0 (906)
_cTB
_2CC
999 _c103980
_d103980